| 000 | 01149cad a22002295a 4500 | ||
|---|---|---|---|
| 001 | L138526 | ||
| 008 | 070522s2007 xxkd f s 000 0 eng d | ||
| 035 | _a(Sirsi) u138526 | ||
| 041 | 0 | _aeng | |
| 050 | 0 | 4 | _a333.33016 $2 18 |
| 110 | 2 |
_aInvestment Property Databank _92288 |
|
| 245 | 0 | 0 |
_aIPD UK monthly index _bend-May 07 _h[electronic publication] |
| 260 |
_aLondon _bIPD _c2007 |
||
| 490 | 0 |
_aIPD UK Monthly Index _vMay 2007 |
|
| 520 | _aReports total returns on property to have increased by 13.9% over the last 12 months, compared to 21.7% for equities and a 0.2% decrease for Gilts. Reports total returns on property at 0.7% over the last month, with retail property returns at 0.4%, office returns at 1.1%, and industrial returns at 0.7%. Graphs depict 12 month total return and 3 month rental value growth. | ||
| 590 | _aKA | ||
| 650 | 2 | 4 | _aIPD UK MONTHLY INDEX |
| 651 | 4 |
_aUnited Kingdom _y |
|
| 690 | _aPROPERTY-COMMERCIAL PROPERTY-COMMERCIAL PROPERTY FINANCE AND INVESTMENT | ||
| 856 | 4 | 0 |
_uhttps://www.ipd.com/LinkClick.aspx?fileticket=1yhP1OfiHfo%3d&tabid=1017&mid=2414 _zView the item free of charge at www.ipd.com |
| 942 | _n0 | ||
| 999 |
_c107194 _d107194 |
||